000 00362nam a2200133Ia 4500
008 151001s9999||||xx |||||||||||||| ||und||
100 _aवैजयंती काळे
245 _aखानदान
250 _a1
260 _bराजेंद्र प्रकाशन ठाणे
260 _c1990
300 _a260
365 _b18
999 _c974274
_d974271